Marcatori della Fiorentina in UEFA Europa League 2015-2016 - Statistics

Statistiche generali
  • Questo quiz è stato fatto 4 volte
  • Il punteggio medio è 8 su 11
Statistiche sulle risposte
Partita Minuto Marcatore % Corretto
Belenenses - Fiorentina 0-4 45' Khouma El Babacar
100%
Fiorentina - Belenenses 1-0 67' Khouma El Babacar
100%
Fiorentina - Basilea 1-2 4' Nikola Kalinić
100%
Belenenses - Fiorentina 0-4 18' Federico Bernardeschi
75%
Basilea - Fiorentian 2-2 23' Federico Bernardeschi
75%
Basilea - Fiorentian 2-2 36' Federico Bernardeschi
75%
Fiorentina - Tottenham 1-1 59' Federico Bernardeschi
75%
Lech Poznań - Fiorentina 0-2 42' Josip Iličić
75%
Lech Poznań - Fiorentina 0-2 83' Josip Iličić
75%
Belenenses - Fiorentina 0-4 90' Giuseppe Rossi
25%
Fiorentina - Lech Poznań 1-2 90' Giuseppe Rossi
25%
Nessun quiz corrispondente trovato
Distribuzione punteggi
Percentuale di utenti per punteggio
Percentile per numero di risposta
I tuoi punteggi nel tempo
Non hai fatto questo quiz